Statystyki dla Narodowości, które wygrały Mistrzostwa Europy

Kliknij tutaj aby rozwiązać quiz!

Ogólne statystyki

  • Ten quiz został rozwiązany 3 267 razy
  • Średni wynik to 9 z 10

Statystyki odpowiedzi

Liczba wygranychPaństwo% Poprawnych
2Francja
97%
3Hiszpania
96%
3Niemcy
96%
1Portugalia
96%
1Włochy
95%
1Rosja (ZSRR)
84%
1Grecja
79%
1Holandia
77%
1Czechy (Czechosłowacja)
74%
1Dania
67%

Rozkład punktacji

Percentyl według liczby udzielonych odpowiedzi

Procent ludzi z każdym wynikiem

Twoja historia wyników

Nie rozwiązałeś tego quizu